Curva de crecimiento del pasto cayman (Urochloa híbrido cv. Ciat BRO2/1752) / (Record no. 220478)
[ view plain ]
| 000 -CABECERA | |
|---|---|
| campo de control de longitud fija | 02866nam a2200349 a 4500 |
| 003 - IDENTIFICADOR DEL NÚMERO DE CONTROL | |
| campo de control | OSt |
| 005 - FECHA Y HORA DE LA ÚLTIMA TRANSACCIÓN | |
| campo de control | 20250627143819.0 |
| 007 - CAMPO FIJO DE DESCRIPCIÓN FÍSICA--INFORMACIÓN GENERAL | |
| campo de control de longitud fija | cr ||||||a|c|a |
| 008 - DATOS DE LONGITUD FIJA--INFORMACIÓN GENERAL | |
| campo de control de longitud fija | 250224s2024 mx a|||fom||| 001 0 spa d |
| 040 ## - FUENTE DE LA CATALOGACIÓN | |
| Normas de descripción | rda |
| 100 1# - ENTRADA PRINCIPAL--NOMBRE DE PERSONA | |
| Nombre de persona | Francisco Macario, Brayan Humberto |
| 9 (RLIN) | 190147 |
| 245 10 - MENCIÓN DE TÍTULO | |
| Título | Curva de crecimiento del pasto cayman (Urochloa híbrido cv. Ciat BRO2/1752) / |
| Mención de responsabilidad, etc. | por Brayan Humberto Francisco Macario y Jesús Alberto Méndez Zaragoza; director de tesis Sergio Ibán Mendoza Pedroza; secretario Fernando González Cerón; vocal Ever de Jesús Flores Santiago; suplente José Melquiades Monzón Armenta; suplente Jesús Miguel Calzada Marín. |
| 264 #1 - PRODUCCIÓN, PUBLICACIÓN, DISTRIBUCIÓN, FABRICACIÓN Y COPYRIGHT | |
| Producción, publicación, distribución, fabricación y copyright | Chapingo, México : |
| Nombre del de productor, editor, distribuidor, fabricante | El autor, |
| Fecha de producción, publicación, distribución, fabricación o copyright | 2024. |
| 300 ## - DESCRIPCIÓN FÍSICA | |
| Extensión | 1 recurso en línea (50 páginas): |
| Otras características físicas | cuadros, figuras. |
| 336 ## - TIPO DE CONTENIDO | |
| Fuente | rdacontent |
| Término de tipo de contenido | texto |
| Código de tipo de contenido | txt |
| 337 ## - TIPO DE MEDIO | |
| Fuente | rdamedia |
| Nombre/término del tipo de medio | computadora |
| Código del tipo de medio | c |
| 338 ## - TIPO DE SOPORTE | |
| Fuente | rdacarrier |
| Nombre/término del tipo de soporte | recurso en línea |
| Código del tipo de soporte | cr |
| 502 ## - NOTA DE TESIS | |
| Tipo de título | Ingeniero Agrónomo Especialista en Zootecnia |
| Nombre de la institución que otorga el título | Departamento de Enseñanza, Investigación y Servicio en Zootecnia, |
| Año de obtención del título | 2024. |
| Información miscelánea | Licenciatura |
| 504 ## - NOTA DE BIBLIOGRAFÍA, ETC. | |
| Nota de bibliografía, etc. | Incluye referencias bibliográficas: páginas 30-35. |
| 520 ## - SUMARIO, ETC. | |
| Sumario, etc. | Se evaluó la curva de crecimiento del pasto Cayman (Urochloa híbrido cv. CIAT BRO2/1752) con diferente intensidad de corte (IC) y días después del corte (DDC), a partir del corte de homogenización. El experimento se llevó a cabo en San José Puyacatengo, Teapa, Tabasco (coordenadas 17° 31´ 38”, N 92° 55´50” W, 7 msnm). Los datos de las variables respuesta (PTm, PSb, MSsb, Pt, MSt, Ph, MSh), con base en la IC (5 y 10 cm) y en los DDC (20, 30 y 40 d), fueron analizados bajo un diseño experimental en bloques completamente al azar, a través del procedimiento MIXED de SAS V.9.3. Las diferencias entre tratamientos fueron consideradas significativas a P ≤ 0.05. El pasto Cayman presenta el mayor rendimiento de forraje a los 40 DDC y a una IC de 5 cm. Mientras que para las variables altura y cobertura se recomienda una IC de 10 cm. Por su parte la relación tallo-hoja y número de macollos, no presentan diferencias significativas por efecto de la IC. En la presente investigación se comprobó que el pasto Cayman es recomendable para la región por sus cualidades agronómicas. |
| 650 #4 - PUNTO DE ACCESO ADICIONAL DE MATERIA--TÉRMINO DE MATERIA | |
| Término de materia o nombre geográfico como elemento de entrada | Pastos forrajeros |
| Subdivisión general | Crecimiento |
| 9 (RLIN) | 86099 |
| 650 #4 - PUNTO DE ACCESO ADICIONAL DE MATERIA--TÉRMINO DE MATERIA | |
| Término de materia o nombre geográfico como elemento de entrada | Pastos |
| Subdivisión general | Rendimiento |
| 9 (RLIN) | 86076 |
| 650 #4 - PUNTO DE ACCESO ADICIONAL DE MATERIA--TÉRMINO DE MATERIA | |
| Término de materia o nombre geográfico como elemento de entrada | Curvas de Crecimiento |
| 9 (RLIN) | 143477 |
| 700 1# - PUNTO DE ACCESO ADICIONAL--NOMBRE DE PERSONA | |
| Nombre de persona | Méndez Zaragoza, Jesus Alberto |
| 9 (RLIN) | 190148 |
| 700 1# - PUNTO DE ACCESO ADICIONAL--NOMBRE DE PERSONA | |
| Nombre de persona | Mendoza Pedroza, Sergio Ibán |
| 9 (RLIN) | 74719 |
| Término indicativo de función/relación | Director de tesis. |
| 700 1# - PUNTO DE ACCESO ADICIONAL--NOMBRE DE PERSONA | |
| Nombre de persona | González Cerón, Fernando |
| 9 (RLIN) | 48783 |
| Término indicativo de función/relación | Secretario. |
| 700 1# - PUNTO DE ACCESO ADICIONAL--NOMBRE DE PERSONA | |
| Nombre de persona | Flores Santiago, Ever del Jesús |
| Término indicativo de función/relación | Vocal. |
| 9 (RLIN) | 41735 |
| 700 1# - PUNTO DE ACCESO ADICIONAL--NOMBRE DE PERSONA | |
| Nombre de persona | Monzón Armenta, José Melquiades |
| 9 (RLIN) | 78028 |
| Término indicativo de función/relación | Suplente. |
| 700 1# - PUNTO DE ACCESO ADICIONAL--NOMBRE DE PERSONA | |
| Nombre de persona | Calzada Marín, Jesús Miguel |
| 9 (RLIN) | 17637 |
| Término indicativo de función/relación | Suplente. |
| 856 ## - LOCALIZACIÓN Y ACCESO ELECTRÓNICOS | |
| Identificador Uniforme del Recurso | http://10.13.5.2/tesis/tl/1610766-3_Y_1811627-7_FRANCISCO_MACARIO_BRAYANHUMBERTO_Y_MENDEZ_ZARAGOZA_JESUSALBERTO.pdf |
| Nota pública | DESCARGAR PDF |
| 942 ## - ELEMENTOS DE PUNTO DE ACCESO ADICIONAL (KOHA) | |
| Fuente del sistema de clasificación o colocación | Clasificación Universidad Autónoma Chapingo |
| Tipo de ítem Koha | Tesis digital |
| Estado de retiro | Estado de pérdida | Fuente del sistema de clasificación o colocación | Estado dañado | Restricciones de uso | No para préstamo | Código de colección | Localización permanente | Ubicación/localización actual | Ubicación en estantería | Fecha de adquisición | Total de préstamos | Signatura topográfica completa | Fecha visto por última vez | Precio válido a partir de | Tipo de ítem Koha |
|---|---|---|---|---|---|---|---|---|---|---|---|---|---|---|---|
| Clasificación Universidad Autónoma de Chapingo | Préstamo interno | Tesis digitales de Licenciatura | Biblioteca Digital | Biblioteca Digital | En línea | 24/02/2025 | Tesis digital | 24/02/2025 | 24/02/2025 | Tesis digital |
